Behavioral Marketing Destroy the Marketing Kingdom in the New Century

Saved in:
Bibliographic Details
Main Author: Terzi, Erkan
Format: Book
Language:English
Published: [Istanbul] Erkan Terzi 2021
Subjects:
Tags: Add Tag
No Tags, Be the first to tag this record!

MARC

LEADER 00000nam a2200000 4500
001 0291375
005 20240416114204.5
020 |a 9798538800766 
041 0 |a eng 
044 |a TR 
245 1 0 |a Behavioral Marketing  |b Destroy the Marketing Kingdom in the New Century  |c Erkan Terzi 
264 1 |a [Istanbul]  |b Erkan Terzi  |c 2021 
300 |a 234 s. 
610 2 0 |a marketing 
610 2 0 |a marketing elektronický 
610 2 0 |a stratégia marketingová 
610 2 0 |a plán marketingový 
610 2 0 |a komunikácia marketingová 
610 2 0 |a správanie spotrebiteľa 
100 1 |a Terzi, Erkan